00562 2200205 4500001002100000005001500021035001900036245005000055100002100105260006300126084001300189650000900202008004100211020002100252082000700273250000900280300004100289990001300330990001300343INLIS00000000000044720210308110530$a 0010-0221000079$a KKPK: PERGINYA SAHABATKU /$c INGE SYAHLA KEARY$a INGE SYAHLA KEARY$a Bandung :$b MUFFIN GRAPHICS (PT CERITA ANAK BANGSA),$c 2018$a 813 ING k$a Fiksi210308 0 $a 978-602-367-462-6$a 813$a Cet.3$a 104 hlm : $b ilus ; $c 14.5 x 20.5 cm$a 4845/2018$a 4846/2018